| Tag |
First Indicator |
Second Indicator |
Subfields |
| LEADER |
00000cam a2200000 4500 |
| 001 |
in00000059062 |
| 005 |
20151008051018.0 |
| 008 |
720802s1965 eng u |
| 010 |
|
|
|a 65021106
|
| 035 |
|
|
|a (OCoLC)00371833
|
| 035 |
|
|
|9 AAG5000AM
|
| 040 |
|
|
|c WSU
|d TXA
|d UtOrBLW
|
| 041 |
1 |
|
|a eng
|a fre
|
| 049 |
|
|
|a TXAM
|c [461805]
|
| 090 |
|
|
|a B5231
|b .B713 1965
|
| 092 |
|
|
|a 181.11
|b B853f
|
| 100 |
1 |
|
|a Brière, O.
|
| 245 |
1 |
0 |
|a Fifty years of Chinese philosophy, 1898-1948 /
|c [by] O. Briere. Translated from the French by Laurence G. Thompson. Edited, with an introd., by Dennis J. Doolin.
|
| 264 |
|
1 |
|a New York :
|b Praeger,
|c [1965]
|
| 300 |
|
|
|a 159 pages
|
| 336 |
|
|
|a text
|b txt
|2 rdacontent
|
| 337 |
|
|
|a unmediated
|b n
|2 rdamedia
|
| 338 |
|
|
|a volume
|b nc
|2 rdacarrier
|
| 650 |
|
0 |
|a Philosophy, Chinese.
|
| 650 |
|
0 |
|a Philosophy, Chinese
|x Bibliography.
|
| 999 |
|
|
|a MARS
|
| 999 |
f |
f |
|s e7604fc9-1d07-3f30-8407-eb7fa38f3de3
|i c32b4e5b-4ddb-33b8-b658-1726c39b35f4
|t 0
|
| 952 |
f |
f |
|p ric
|a Texas A&M University
|b Rellis Campus
|c Joint Library Facility
|d Remote Storage
|t 0
|e B5231 .B713 1965
|h Library of Congress classification
|i unmediated -- volume
|m A14800537703
|
| 998 |
f |
f |
|a B5231 .B713 1965
|t 0
|l Remote Storage
|